| 000 | 01236cam a2200277 a 4500 | ||
|---|---|---|---|
| 999 |
_c21642 _d21642 |
||
| 001 | 14547432 | ||
| 003 | OSt | ||
| 005 | 20170121162243.0 | ||
| 008 | 060912s2008 mauab b 001 0 eng | ||
| 010 | _a 2006030375 | ||
| 020 | _a9780073195582 (alk. paper) | ||
| 020 | _a0073195588 (alk. paper) | ||
| 040 |
_aDLC _cDLC _dDLC |
||
| 050 | 0 | 0 |
_aHD30.2 _b.B357 2008 |
| 082 | 0 | 0 |
_a658.4/038011 _222 |
| 100 | 1 | _aBaltzan, Paige. | |
| 245 | 1 | 0 |
_aBusiness driven information systems / _cPaige Baltzan, Amy Phillips. |
| 260 |
_aBoston : _bMcGraw-Hill/Irwin, _cc2008. |
||
| 300 |
_axxix, 489 p. : _bill. (some col.), map ; _c29 cm. + _e2 CD-ROM (4 3/4 in.) |
||
| 504 | _aIncludes bibliographical references and index. | ||
| 650 | 0 |
_aIndustrial management _xData processing. |
|
| 650 | 0 |
_aInformation technology _xManagement. |
|
| 700 | 1 |
_aPhillips, Amy _q(Amy L.) |
|
| 856 | 4 | 1 |
_3Table of contents only _uhttp://www.loc.gov/catdir/toc/ecip071/2006030375.html |
| 906 |
_a7 _bcbc _corignew _d1 _eecip _f20 _gy-gencatlg |
||
| 942 |
_2lcc _cBOOKS _hHD 30.2 .B357 2008 |
||